Normal view MARC view

Entry Personal Name

Number of records used in: 1

001 - CONTROL NUMBER

  • control field: 10058

003 - CONTROL NUMBER IDENTIFIER

  • control field: DLC

005 - DATE AND TIME OF LATEST TRANSACTION

  • control field: 20231206105100.0

008 - FIXED-LENGTH DATA ELEMENTS

  • fixed length control field: 850711n| azannaabn |a aaa

010 ## - LIBRARY OF CONGRESS CONTROL NUMBER

  • LC control number: n 85085853

035 ## - SYSTEM CONTROL NUMBER

  • System control number: (OCoLC)oca01370539

040 ## - CATALOGING SOURCE

  • Original cataloging agency: CLU
  • Language of cataloging: eng
  • Description conventions: rda
  • Transcribing agency: DLC
  • Modifying agency: DLC
  • Modifying agency: DLC-ON
  • Modifying agency: OCoLC
  • Modifying agency: DLC

046 ## - SPECIAL CODED DATES

  • Birth date: 1909
  • Death date: 1987

053 #0 - LC CLASSIFICATION NUMBER

  • Classification number element--single number or beginning number of span: PL4718.9.L3

100 0# - HEADING--PERSONAL NAME

  • Personal name: Laḷitāmbika Antarjjanaṃ,
  • Dates associated with a name: 1909-1987

375 ## - GENDER

  • Gender: female

377 ## - ASSOCIATED LANGUAGE

  • Language code: mal

400 0# - SEE FROM TRACING--PERSONAL NAME

  • Personal name: Lalithambika Antharjanam,
  • Dates associated with a name: 1909-1987

400 1# - SEE FROM TRACING--PERSONAL NAME

  • Personal name: Antharjanam, Lalithambika,
  • Dates associated with a name: 1909-1987

400 1# - SEE FROM TRACING--PERSONAL NAME

  • Personal name: Antarjjanaṃ, Laḷitāmbika,
  • Dates associated with a name: 1909-1987

400 0# - SEE FROM TRACING--PERSONAL NAME

  • Personal name: Lalithambika Antherjanam,
  • Dates associated with a name: 1909-1987

400 1# - SEE FROM TRACING--PERSONAL NAME

  • Personal name: Antherjanam, Lalithambika,
  • Dates associated with a name: 1909-1987

670 ## - SOURCE DATA FOUND

  • Source citation: Her Agnisakshi, 1980:
  • Information found: t.p. (Lalithambika Antharjanam)

670 ## - SOURCE DATA FOUND

  • Source citation: LC in OCLC, 6-27-85
  • Information found: (hdg.: Lalithambika Antharjanam, 1909- )

670 ## - SOURCE DATA FOUND

  • Source citation: Her Koṭuṅkāt̲t̲il ninṅa, 1951:
  • Information found: t.p. (Laḷitāmbika Antarjjanaṃ)

670 ## - SOURCE DATA FOUND

  • Source citation: New Delhi manual auth. cd.
  • Information found: (Lalithambika Antharjanam, 1909- ; d. 2/11/1987)

670 ## - SOURCE DATA FOUND

  • Source citation: Cast me out if you will, 1998:
  • Information found: CIP t.p. (Lalithambika Antherjanam)

670 ## - SOURCE DATA FOUND

  • Source citation: Katha, 1998:
  • Information found: t.p. verso (d. 02/06/1987)

Powered by Koha